|
|
|
|
| LEADER |
00000nam2a2200000 4500 |
| 001 |
55720 |
| 005 |
20231031052658.0 |
| 010 |
|
|
|a 5922103067
|
| 035 |
|
|
|a (RuTPU)RU\TPU\book\58479
|
| 090 |
|
|
|a 55720
|
| 100 |
|
|
|a 20030919d2003 m y0rusy50 ca
|
| 101 |
0 |
|
|a rus
|
| 102 |
|
|
|a RU
|
| 105 |
|
|
|a a j 001zy
|
| 200 |
0 |
|
|a Т. 1: Предел. Непрерывность. Дифференцируемость
|
| 210 |
|
|
|d 2003
|
| 215 |
|
|
|a 496 с.
|c ил.
|
| 320 |
|
|
|a Библиография: с. 493
|
| 461 |
|
1 |
|0 (RuTPU)RU\TPU\book\59193
|y 5-9221-0305-9
|t Сборник задач по математическому анализу
|o Учебное пособие
|o В 3 т.
|f Л.Д. Кудрявцев, А.Д. Кутасов, В.И. Чехлов, М.И. Шабунин
|v Т. 1: Предел. Непрерывность. Дифференцируемость
|e 2-е изд., перераб. и доп.
|d 2003-
|
| 610 |
1 |
|
|a математика
|
| 610 |
1 |
|
|a математический анализ
|
| 610 |
1 |
|
|a функции
|
| 610 |
1 |
|
|a пределы
|
| 610 |
1 |
|
|a непрерывность
|
| 610 |
1 |
|
|a производные
|
| 610 |
1 |
|
|a дифференциалы
|
| 610 |
1 |
|
|a задачи
|
| 610 |
1 |
|
|a типовые решения
|
| 610 |
1 |
|
|a практические пособия
|
| 610 |
1 |
|
|a учебные пособия
|
| 675 |
|
|
|a 517(076)
|v 3
|
| 801 |
|
1 |
|a RU
|b 63413507
|c 20030919
|g PSBO
|
| 801 |
|
2 |
|a RU
|b 63413507
|c 20030929
|g PSBO
|
| 801 |
|
2 |
|a RU
|b 63413507
|c 20200903
|g PSBO
|
| 942 |
|
|
|c BK
|